1713 1509 1578 1429 1334 1423 1104 1444 1092 1755 1713 1928 1776 1561 1743 1844 1930 1327 1079 1068 1106 1100 1920 1869 1244 1283 1425 1974 1016 1462 1646 1215 1659 1083 1298 1150 1643 1616 1796 1575 1107 1998 1068 1733 1505 1844 1501 1727 1602 1898 1961 1304 1299 1166 1405 1134 1599 1043 1102 1753 1972 1759 1656 1632 1294 1157 1577 1859 1382 1971 1766 1298 1236 1032 1119 1947 1381 1563 1189 1294 1725 1739 1913 1178 1622 1081 1254 1753 1722 1829 1570 1932 1480 1988 1690 1154 1733 1718 1491 BCNSPRNW ULIB Ver.6.0+V

เปลี่ยนเป็นภาษาไทย

Change to English
 แสดงรายละเอียดบรรณานุกรม
  กลับหน้าหลัก

Brief Record : Get Marc (ISO 2709) : E-mail record : QR code < ปิดหน้าต่าง
LEADER : 00000nam 2200000uu 4500
001    13399123125
003     ULIB
008    140309s2531||||th 000 0 tha d
099    ^aวพ.WT120^bน665ค
100    ^aนิรนาท วิทยโชคกิติคุณ
245    ^aความสามารถในการดูแลตนเองและภาวะสุขภาพของผู้สูงอายุ^cนิรนาท วิทยโชคกิติคุณ
260    ^aนครปฐม :^bมหาวิทยาลัยมหิดล,^c2552
300    ^a73 หน้า
650    ^aผู้สูงอายุ^xวิทยานิพนธ์
945    ^p0^l0^i011222
999    ^aเกษร โพธิ์สุวรรณ
รายการนี้ยังไม่มีแท็ก
คุณยังไม่ได้ล็อกอิน คุณสามารถมีกิจกรรมร่วมกับเว็บไซต์ได้ แต่ต้องล็อกอินก่อน ::
  ล็อกอิน

รายการสื่อสารสนเทศ

ลำดับที่ ประเภท เลขเรียก/บาร์โค้ด สถานที่ สถานะ
1. วิทยานิพนธ์
วิทยานิพนธ์
วพ.WT120 น665ค  
  Barcode: 011222
ห้องสมุดวิทยาเขตสวรรค์ประชารักษ์
► วิทยานิพนธ์
บนชั้น

รายการใกล้เคียง
    ผู้แต่ง [นิรนาท วิทยโชคกิติคุณ]

BibComment


ยังไม่เคยถูกคอมเมนท์

คอมเมนท์ทรัพยากรรายการนี้
  คอมเมนท์: ความสามารถในการด..


 Copyright 2026. Bcnsprnw @Library